书目信息 |
| 题名: |
功能语言学与语篇分析研究
|
|
| 作者: | 黄国文 主编 | |
| 分册: | 第5辑 | |
| 出版信息: | 北京 高等教育出版社 2013 |
|
| 页数: | 280页 | |
| 开本: | 24cm | |
| 丛书名: | ||
| 单 册: | ||
| 中图分类: | H0-53 | |
| 科图分类: | ||
| 主题词: | 功能(语言学)--文集 , 语言分析--文集 | |
| 电子资源: | ||
| ISBN: | 978-7-04-037553-4 | |
| 000 | 01092nam0 2200265 450 | |
| 001 | 0102985696 | |
| 005 | 20131203135608.0 | |
| 010 | @a978-7-04-037553-4@dCNY38.00 | |
| 100 | @a20131018d2013 em y0chiy0120 ea | |
| 101 | 0 | @achi@aeng |
| 102 | @aCN@b110000 | |
| 105 | @ay z 000yy | |
| 106 | @ar | |
| 200 | 1 | @a功能语言学与语篇分析研究@9Gong Neng Yu Yan Xue Yu Yu Pian Fen Xi Yan Jiu @f黄国文主编@h第5辑@b专著@dStudies in functional linguistics and discourse analysis@hⅤ@zeng |
| 210 | @a北京@c高等教育出版社@d2013 | |
| 215 | @a280页@d24cm | |
| 300 | @a中国功能语言学研究会 中国英汉语篇分析研究会 | |
| 330 | @a本书内容涉及系统功能语言学的理论与应用的方方面面,也包括语篇分析理论与实践、评价分析与语篇语义研究、多模态话语研究、语法研究、系统功能语法与汉语研究、系统功能语言学与教育话语等问题。 | |
| 510 | 1 | @aStudies in functional linguistics and discourse analysis@hⅤ@zeng |
| 606 | 0 | @a功能(语言学)@j文集 |
| 606 | 0 | @a语言分析@j文集 |
| 690 | @aH0-53@v5 | |
| 701 | 0 | @a黄国文@f(1956~)@4主编@9huang guo wen |
| 801 | 0 | @aCN@bAZmarc@c20230901 |
| 905 | @aBZT@dH0@e45:5@f1@sH0/45:5 | |
| 功能语言学与语篇分析研究/黄国文主编.第5辑=Studies in functional linguistics and discourse analysis.Ⅴ.-北京:高等教育出版社,2013 |
| 280页;24cm |
| 中国功能语言学研究会 中国英汉语篇分析研究会 |
| ISBN 978-7-04-037553-4:CNY38.00 |
| 本书内容涉及系统功能语言学的理论与应用的方方面面,也包括语篇分析理论与实践、评价分析与语篇语义研究、多模态话语研究、语法研究、系统功能语法与汉语研究、系统功能语言学与教育话语等问题。 |
| ● |
| 相关链接 |
|
|
|
正题名:功能语言学与语篇分析研究
索取号:H0/45:5
 
预约/预借
| 序号 | 登录号 | 条形码 | 馆藏地/架位号 | 状态 | 备注 |
| 1 | 2000003988 | 2000003988 | 旧书回溯/ [索取号:H0/45:5] | 在馆 |